| Tag |
First Indicator |
Second Indicator |
Subfields |
| LEADER |
00000nam a22000007i 4500 |
| 001 |
in00004662575 |
| 006 |
m o d |
| 007 |
cr cnu---unuuu |
| 008 |
211216s2023 dcu o 000 0beng d |
| 005 |
20230403131507.1 |
| 020 |
|
|
|a 9780813235615
|q electronic book
|
| 020 |
|
|
|a 0813235618
|q electronic book
|
| 020 |
|
|
|z 9780813235608
|
| 020 |
|
|
|z 081323560X
|
| 035 |
|
|
|a (NhCcYBP)jstor22573/CATS1308621
|
| 040 |
|
|
|a NhCcYBP
|c NhCcYBP
|
| 041 |
1 |
|
|a eng
|h fre
|
| 043 |
|
|
|a e-it---
|
| 050 |
|
4 |
|a BX4700.T6
|b T5713 2023
|
| 082 |
0 |
4 |
|a 230/.2092
|2 23/eng/20230328
|
| 100 |
1 |
|
|a Torrell, Jean-Pierre,
|e author.
|
| 245 |
1 |
0 |
|a Saint Thomas Aquinas.
|n Volume 1,
|p The person and his work /
|c Jean-Pierre Torrell, OP ; translated by Robert Royal and Matthew K. Minerd.
|
| 250 |
|
|
|a Third edition.
|
| 264 |
|
1 |
|a Washington, D.C. :
|b Catholic University of America Press,
|c [2023]
|
| 300 |
|
|
|a 1 online resource.
|
| 336 |
|
|
|a text
|b txt
|2 rdacontent
|
| 337 |
|
|
|a computer
|b c
|2 rdamedia
|
| 338 |
|
|
|a online resource
|b cr
|2 rdacarrier
|
| 588 |
|
|
|a Description based on online resource; title from digital title page (viewed on March 28, 2023).
|
| 600 |
0 |
0 |
|a Thomas,
|c Aquinas, Saint,
|d 1225?-1274.
|
| 650 |
|
0 |
|a Christian saints
|z Italy
|v Biography.
|
| 655 |
|
7 |
|a Electronic books.
|2 local
|
| 700 |
1 |
|
|a Royal, Robert,
|d 1949-
|e translator.
|
| 700 |
1 |
|
|a Minerd, Matthew K.,
|e translator.
|
| 776 |
1 |
8 |
|c Original
|z 081323560X
|z 9780813235608
|
| 856 |
4 |
0 |
|u http://proxy.library.tamu.edu/login?url=https://www.jstor.org/stable/10.2307/jj.1357279
|z Connect to the full text of this electronic book
|t 0
|
| 955 |
|
|
|a JSTOR DDA record
|
| 999 |
f |
f |
|s 2d0cc27d-59ab-468a-b348-b93dc24888e8
|i 341f6257-09d3-423f-b1ed-60e85faee4a2
|t 0
|
| 952 |
f |
f |
|a Texas A&M University
|b College Station
|c Electronic Resources
|d Available Online
|t 0
|e BX4700.T6 T5713 2023
|h Library of Congress classification
|
| 998 |
f |
f |
|a BX4700.T6 T5713 2023
|t 0
|l Available Online
|